<?xml version="1.0" encoding="UTF-8"?>
<record
    xmlns:xsi="http://www.w3.org/2001/XMLSchema-instance"
    xsi:schemaLocation="http://www.loc.gov/MARC21/slim http://www.loc.gov/standards/marcxml/schema/MARC21slim.xsd"
    xmlns="http://www.loc.gov/MARC21/slim">

  <leader>03535cam a2200313   4500500</leader>
  <controlfield tag="005">20260111150409.0</controlfield>
  <datafield tag="041" ind1=" " ind2=" ">
    <subfield code="a">fre</subfield>
  </datafield>
  <datafield tag="042" ind1=" " ind2=" ">
    <subfield code="a">dc</subfield>
  </datafield>
  <datafield tag="100" ind1="1" ind2="0">
    <subfield code="a">Saumade, Fr&#xE9;d&#xE9;ric</subfield>
    <subfield code="e">author</subfield>
  </datafield>
  <datafield tag="245" ind1="0" ind2="0">
    <subfield code="a">Frank Hamilton Cushing</subfield>
  </datafield>
  <datafield tag="260" ind1=" " ind2=" ">
    <subfield code="c">2016.
							</subfield>
  </datafield>
  <datafield tag="500" ind1=" " ind2=" ">
    <subfield code="a">5</subfield>
  </datafield>
  <datafield tag="520" ind1=" " ind2=" ">
    <subfield code="a">L&#x2019;exp&#xE9;rience initiatique de F. H. Cushing chez les Zu&#xF1;i et ses apports th&#xE9;oriques majeurs font de ce personnage le pionnier de l&#x2019;observation participante et le d&#xE9;couvreur de la raison structurale du tot&#xE9;misme, admir&#xE9; par les plus grands anthropologues du d&#xE9;but du xx esi&#xE8;cle. Pourtant, il appara&#xEE;t aujourd&#x2019;hui manifestement sous-estim&#xE9; par l&#x2019;histoire de la discipline. On se demandera si cette marginalisation ne tient pas &#xE0; la volont&#xE9; de Cushing d&#x2019;&#xEA;tre un m&#xE9;diateur de l&#x2019;alt&#xE9;rit&#xE9; am&#xE9;rindienne, un statut difficilement compatible avec les cat&#xE9;gories acad&#xE9;miques des sciences sociales.</subfield>
  </datafield>
  <datafield tag="520" ind1=" " ind2=" ">
    <subfield code="a">Frank Hamilton Cushing. Ethnologist and First Zu&#xF1;i War Chief F. H. Cushing&#x2019;s initiatory experience among the Zu&#xF1;i and the topic of his main theoretical efforts made him the pioneer of participant observation and the discoverer of totemism&#x2019;s structural logic, admired by the greatest anthropologists of the early 20th Century. Meanwhile, he is strikingly underrated within the current teaching of anthropology&#x2019;s history. We shall inquire whether such a marginalization would be owed to Cushing&#x2019;s willing to be a mediator of the Amerindian otherness, a status that is hardly compatible with the academic categories of the social sciences.</subfield>
  </datafield>
  <datafield tag="520" ind1=" " ind2=" ">
    <subfield code="a">La experiencia inici&#xE1;tica de F. H. Cushing entre los zu&#xF1;is y sus mayores aportaciones te&#xF3;ricas hacen que este personaje, admirado por los m&#xE1;s grandes antrop&#xF3;logos del inicio del siglo xx, debe de ser considerado como el pioniero de la observaci&#xF3;n participante y el descubridor de la raz&#xF3;n estructural del totemismo. Con todo, hoy en d&#xED;a parece subestimado en la historia de la disciplina. Este art&#xED;culo cuestiona esta marginaci&#xF3;n, el autor pregunt&#xE1;ndose si &#xE9;sta se debe a la voluntad de Cushing de ser un mediador de la alteridad amerindiana, lo que ser&#xED;a un estatuto dif&#xED;cilmente compatible con las categor&#xED;as acad&#xE9;micas de las ciencias sociales.</subfield>
  </datafield>
  <datafield tag="520" ind1=" " ind2=" ">
    <subfield code="a">Die ersten Erfahrungen von F-H. Cushing bei dem Stamm der Zu&#xF1;i und seine theoretischen Ausf&#xFC;hrungen dazu machten aus dieser Person einen Pionier der teilnehmenden Beobachtung und Entdecker der strukturalen Begr&#xFC;ndung des Totismus. Er wurde von den gro&#xDF;en Anthropologen des Beginns der zwanzigsten Jahrhunderts verehrt. Dennoch wird heute deutlich, dass er innerhalb seiner Disziplin untersch&#xE4;tzt wurde. Es kommt die Frage auf, ob diese Marginalisierung nicht mit der Tatsache einhergeht, dass Cushing ein Vermittler der Kultur der Indianer sein wollte; ein Status, der nur schwer mit den akademischen Kategorien der Sozialwissenschaften vereinbar war.</subfield>
  </datafield>
  <datafield tag="690" ind1=" " ind2=" ">
    <subfield code="a">Ethnologie et m&#xE9;diation</subfield>
  </datafield>
  <datafield tag="690" ind1=" " ind2=" ">
    <subfield code="a">Frank Hamilton Cushing</subfield>
  </datafield>
  <datafield tag="690" ind1=" " ind2=" ">
    <subfield code="a">Observation participante</subfield>
  </datafield>
  <datafield tag="690" ind1=" " ind2=" ">
    <subfield code="a">Th&#xE9;orie structurale</subfield>
  </datafield>
  <datafield tag="690" ind1=" " ind2=" ">
    <subfield code="a">V&#xE9;rit&#xE9; scientifique et v&#xE9;rit&#xE9; de l&#x2019;Autre</subfield>
  </datafield>
  <datafield tag="690" ind1=" " ind2=" ">
    <subfield code="a">Ethnology and mediation</subfield>
  </datafield>
  <datafield tag="690" ind1=" " ind2=" ">
    <subfield code="a">Frank Hamilton Cushing</subfield>
  </datafield>
  <datafield tag="690" ind1=" " ind2=" ">
    <subfield code="a">Participant observation</subfield>
  </datafield>
  <datafield tag="690" ind1=" " ind2=" ">
    <subfield code="a">Scientific truth and otherness&#x2019; truth</subfield>
  </datafield>
  <datafield tag="690" ind1=" " ind2=" ">
    <subfield code="a">Structuralist theory</subfield>
  </datafield>
  <datafield tag="786" ind1="0" ind2=" ">
    <subfield code="n">Ethnologie fran&#xE7;aise | 46 | 3 | 2016-07-05 | p. 471-482 | 0046-2616</subfield>
  </datafield>
  <datafield tag="856" ind1="4" ind2="1">
    <subfield code="u">https://shs.cairn.info/revue-ethnologie-francaise-2016-3-page-471?lang=fr&amp;redirect-ssocas=7080</subfield>
  </datafield>
  <datafield tag="999" ind1=" " ind2=" ">
    <subfield code="c">1637660</subfield>
    <subfield code="d">1637660</subfield>
  </datafield>
</record>
